<?xml version="1.0" encoding="UTF-8"?>
<record
    xmlns:xsi="http://www.w3.org/2001/XMLSchema-instance"
    xsi:schemaLocation="http://www.loc.gov/MARC21/slim http://www.loc.gov/standards/marcxml/schema/MARC21slim.xsd"
    xmlns="http://www.loc.gov/MARC21/slim">

  <leader>00440nam a22001697a 4500</leader>
  <controlfield tag="005">20251218155242.0</controlfield>
  <controlfield tag="008">251218b        |||||||| |||| 00| 0 eng d</controlfield>
  <datafield tag="020" ind1=" " ind2=" ">
    <subfield code="a">978-81-19364-90-9</subfield>
  </datafield>
  <datafield tag="100" ind1=" " ind2=" ">
    <subfield code="a">GUPTA, DEEPA</subfield>
  </datafield>
  <datafield tag="245" ind1=" " ind2=" ">
    <subfield code="a">HR ANALYTICS</subfield>
    <subfield code="b">THE FUTURE OF HR</subfield>
  </datafield>
  <datafield tag="260" ind1=" " ind2=" ">
    <subfield code="a">DELHI</subfield>
    <subfield code="b">PHI LEARNING</subfield>
    <subfield code="c">2025</subfield>
  </datafield>
  <datafield tag="300" ind1=" " ind2=" ">
    <subfield code="a">XXI, 380P.</subfield>
  </datafield>
  <datafield tag="500" ind1=" " ind2=" ">
    <subfield code="a">INCLUDES INDEX</subfield>
  </datafield>
  <datafield tag="650" ind1=" " ind2=" ">
    <subfield code="a">1. PERSONAL MANAGEMENT</subfield>
  </datafield>
  <datafield tag="700" ind1=" " ind2=" ">
    <subfield code="a">GUPTA MUKUL</subfield>
  </datafield>
  <datafield tag="942" ind1=" " ind2=" ">
    <subfield code="2">lcc</subfield>
    <subfield code="c">BK</subfield>
  </datafield>
  <datafield tag="999" ind1=" " ind2=" ">
    <subfield code="c">216361</subfield>
    <subfield code="d">216361</subfield>
  </datafield>
  <datafield tag="952" ind1=" " ind2=" ">
    <subfield code="0">0</subfield>
    <subfield code="1">0</subfield>
    <subfield code="2">lcc</subfield>
    <subfield code="4">0</subfield>
    <subfield code="6">HF5549 G87  02025</subfield>
    <subfield code="7">0</subfield>
    <subfield code="8">BUS</subfield>
    <subfield code="9">374057</subfield>
    <subfield code="a">KSUL</subfield>
    <subfield code="b">KSUL</subfield>
    <subfield code="c">DISPLAY</subfield>
    <subfield code="d">2025-12-18</subfield>
    <subfield code="i">110597</subfield>
    <subfield code="l">0</subfield>
    <subfield code="o">HF 5549 .G87 2025</subfield>
    <subfield code="p">000000022516</subfield>
    <subfield code="r">2025-12-18 15:54:51</subfield>
    <subfield code="t">C.1</subfield>
    <subfield code="w">2025-12-18</subfield>
    <subfield code="y">BK</subfield>
  </datafield>
  <datafield tag="952" ind1=" " ind2=" ">
    <subfield code="0">0</subfield>
    <subfield code="1">0</subfield>
    <subfield code="2">lcc</subfield>
    <subfield code="4">0</subfield>
    <subfield code="6">HF5549 G87  02025</subfield>
    <subfield code="7">0</subfield>
    <subfield code="8">BUS</subfield>
    <subfield code="9">374058</subfield>
    <subfield code="a">KSUL</subfield>
    <subfield code="b">KSUL</subfield>
    <subfield code="c">DISPLAY</subfield>
    <subfield code="d">2025-12-18</subfield>
    <subfield code="i">110598</subfield>
    <subfield code="l">0</subfield>
    <subfield code="o">HF 5549 .G87 2025</subfield>
    <subfield code="p">000000022515</subfield>
    <subfield code="r">2025-12-18 15:54:00</subfield>
    <subfield code="t">C.2</subfield>
    <subfield code="w">2025-12-18</subfield>
    <subfield code="y">BK</subfield>
  </datafield>
  <datafield tag="952" ind1=" " ind2=" ">
    <subfield code="0">0</subfield>
    <subfield code="1">0</subfield>
    <subfield code="2">lcc</subfield>
    <subfield code="4">0</subfield>
    <subfield code="6">HF5549 G87  02025</subfield>
    <subfield code="7">0</subfield>
    <subfield code="8">BUS</subfield>
    <subfield code="9">374059</subfield>
    <subfield code="a">KSUL</subfield>
    <subfield code="b">KSUL</subfield>
    <subfield code="c">DISPLAY</subfield>
    <subfield code="d">2025-12-18</subfield>
    <subfield code="i">110599</subfield>
    <subfield code="l">0</subfield>
    <subfield code="o">HF 5549 .G87 2025</subfield>
    <subfield code="p">000000022514</subfield>
    <subfield code="r">2025-12-18 15:54:00</subfield>
    <subfield code="t">C.3</subfield>
    <subfield code="w">2025-12-18</subfield>
    <subfield code="y">BK</subfield>
  </datafield>
  <datafield tag="952" ind1=" " ind2=" ">
    <subfield code="0">0</subfield>
    <subfield code="1">0</subfield>
    <subfield code="2">lcc</subfield>
    <subfield code="4">0</subfield>
    <subfield code="6">HF5549 G87  02025</subfield>
    <subfield code="7">0</subfield>
    <subfield code="8">BUS</subfield>
    <subfield code="9">374060</subfield>
    <subfield code="a">KSUL</subfield>
    <subfield code="b">KSUL</subfield>
    <subfield code="c">DISPLAY</subfield>
    <subfield code="d">2025-12-18</subfield>
    <subfield code="i">110600</subfield>
    <subfield code="l">0</subfield>
    <subfield code="o">HF 5549 .G87 2025</subfield>
    <subfield code="p">000000022513</subfield>
    <subfield code="r">2025-12-18 15:54:00</subfield>
    <subfield code="t">C.4</subfield>
    <subfield code="w">2025-12-18</subfield>
    <subfield code="y">BK</subfield>
  </datafield>
</record>
